Deutsche Stadien Quiz - Statistiken

Allgemein
  • Dieses Quiz wurde 53 mal gespielt
  • Das Durchschnittsergebnis liegt bei 7 aus 13
Antwortstatistiken
Bildquiz Antwort % Korrekt
Weser Stadion
84%
Veltins Arena
80%
Rhein Energie Stadion
75%
Fritz Walter Stadion
73%
Tivoli
70%
Max Morlock Stadion
68%
Europa Park Stadion
55%
Heinz von Heiden Arena
55%
Volksparkstadion
52%
Schauinsland Reisen Arena
43%
Eintracht Stadion
32%
Donaustadion
23%
Avnet Arena
14%
Keine übereinstimmenden Quizze gefunden
Verteilung der Resultate
Anzahl Personen mit jedem Resultat
Perzentil nach korrekt beantworteten Fragen
Ihre Resultats-Entwicklung
Sie haben dieses Quiz noch nicht gespielt